000 02278nam a2200457 i 4500
001 194316
003 SpMaBN
005 20250825062736.0
007 ta
008 240424s2023 sp a | |||| 000 0bspa
017 _aM 856-2023
_bOficina Depósito Legal Madrid
020 _a9788432163517
_qedición impresa
020 _z978-84-321-6352-4
_qedición digital
035 _aa7244279
040 _aSpMaBN
_bspa
_cSpMaBN
_erda
_dES-MaACL
080 _a929 Machado, Antonio
080 _a821.134.2 Machado, Antonio 1.07
100 1 _aBaltanás, Enrique,
_d1952-
_9235984
_eaut
245 1 0 _aAntonio Machado :
_bPoeta de todas las Españas /
_cEnrique Baltanás.
264 1 _aMadrid :
_bEdiciones Rialp,
_c[2023]
264 4 _c©2023
300 _a196 páginas :
_bilustraciones (blanco y negro) ;
_c22 cm
336 _aTexto
_2rdacontent
337 _asin mediación
_2rdamedia
338 _avolumen
_2rdacarrier
490 1 _aHistoria
500 _aCatalogación provisional. N-9949. Depósito J
520 _aComo todos los grandes de la poesía, Machado es algo más que un poeta, es un arquetipo humano. Por eso interesa su vida y su obra, siempre indisolubles en todo ser humano. Mucho se ha escrito sobre él. En esta ocasión, el autor aspira a ofrecer un recuento y una reflexión, no solo sobre su obra literaria y su biografía, sino también sobre el perfil controvertido, el pensamiento y la ideología de quien ha sido el poeta central de la poesía española del siglo XX.
600 1 4 _aMachado, Antonio,
_d1875-1939-
_975154
_xCrítica e interpretación
600 1 4 _aMachado, Antonio,
_d1875-1939-
_975153
_xBiografías
650 4 _910574
_aBiografías
655 0 _aBiografías
_9176647
655 0 _aCríticas literarias
_9233806
830 _aHistoria (Rialp)
_9235985
852 _aES-MaACL
_bR.155104
_cDEPOJ
_jN-9949
_zCompra
_zEn proceso
_9201918
_xEncuadernación rústica con solapas
942 _n0
_cMONOGRAFIA
999 _c194316
_d194316